| 000 | 01143nam a2200265Ia 4500 | ||
|---|---|---|---|
| 001 | 21861 | ||
| 003 | GE_BSU | ||
| 008 | 181216s||||||||xx |||||||||||||| ||und|| | ||
| 020 | _a9780751794113 | ||
| 040 | _cGE_BSU | ||
| 080 | _a657:336 | ||
| 245 | _aბიზნესის ანალიზი. წიგნი P3. | ||
| 245 | _bსაერთაშორისო პროგრამა. უმაღლესი დონე. სავარჯიშოების კრებული | ||
| 245 | _cწიგნის თარგმანზე და გამოცემაზე მუშაობდნენ: მთ.ბ.ალავერდაშვილი., | ||
| 260 | _aთბილისი | ||
| 260 | _bდანი | ||
| 260 | _c2013 | ||
| 300 | _a443 გვ. 29 სმ. | ||
| 520 | _aპარალ. სათ. ინგლ. | ||
| 541 | _h39ლ.50თ. | ||
| 653 | _aბიზნესის ანალიზი. წიგნი P3. | ||
| 653 | _aეკონომიკა. ბუღალტერია | ||
| 653 | _aსავარჯიშოების კრებული | ||
| 942 | _cBK | ||
| 999 |
_c54793 _d54793 |
||